000 01122cam a2200289 a 4500
999 _c3435
_d3435
001 (Sirsi) a779992
003 OSt
005 20240120114649.0
008 130627r20132012enk c 000 1 eng d
020 _a9780141345888 (pbk.) :
040 _aTT
_beng
_cTAE
_dKH8
042 _anbic
082 0 _a823.92 CAS
100 1 _aCassidy, Cathy,
_d1962-
_eAuthor
245 1 0 _aSummer's Dream /
_cCathy Cassidy.
260 _aLondon :
_bPuffin Books,
_c2013.
300 _a259, [1] p. ;
_c20 cm.
490 0 _aThe chocolate box girls.
500 _aOriginally published: 2012.
520 _aSummer has always dreamed of dancing, and when a place at ballet school comes up, she wants it so badly it hurts. Middle school ends and the holidays begin, but unlike her sisters, Summer has no time for lazy days and sunny beach parties. The audition becomes her obsession, and things start spiralling out of control.
521 1 _a9-12.
650 0 _aBallet
_vJuvenile fiction.
650 0 _aHolidays
_vJuvenile fiction.
650 0 _aDreams
_vJuvenile fiction.
650 0 _aFriendship
_vJuvenile fiction.
942 _2ddc
_cFIC